| 000 | 00495nam a2200181Ia 4500 | ||
|---|---|---|---|
| 005 | 20250508151119.0 | ||
| 008 | 008 250505s9999 xx 000 0 eng d | ||
| 037 | _aBooks to be hide in OPAC | ||
| 040 |
_aFEDL _beng _cFEDL |
||
| 041 |
_aeng _2eng |
||
| 084 |
_a420.9, PEI _qFEDL |
||
| 100 | _aPei Mario | ||
| 245 | 0 | _aStory of english | |
| 260 |
_aLondon, UK _bGeorge Allen and Unwin Limited _c1953 |
||
| 300 | _a381p. | ||
| 942 |
_cHB _h420.9, PEI |
||
| 999 |
_c1327662 _d1327662 |
||